[Event "Regionalliga SO 0506"]
[Site "Bayern"]
[Date "2006.01.15"]
[Round "5.4"]
[White "Kantorik, Marian"]
[Black "Pierer, Christian"]
[Result "1-0"]
[WhiteElo "2260"]
[BlackElo "2121"]
[PlyCount "69"]
[EventDate "2005.10.23"]
[EventType "team-tourn"]
[EventRounds "9"]
[EventCountry "GER"]
[SourceTitle "EXT 2007"]
[Source "ChessBase"]
[SourceDate "2006.11.23"]
[SourceVersion "1"]
[SourceVersionDate "2006.11.23"]
[SourceQuality "1"]
[WhiteTeam "Weilheim"]
[BlackTeam "Freising SK"]
[WhiteTeamCountry "GER"]
[BlackTeamCountry "GER"]

1. d4 d5 2. c4 e6 3. Nc3 Nf6 4. cxd5 exd5 5. Bg5 Be7 6. e3 0-0 7. Bd3 Nbd7 8. Qc2 Re8 9. Nge2 Nf8 10. 0-0-0 c6 11. Kb1 b5 12. h3 a5 13. g4 a4 14. Ng3 Qa5 15. Nce2 b4 16. Qxc6 Bd7 17. Qc1 Ne4 18. Bxe7 Rxe7 19. Bxe4 dxe4 20. Qc5 Qxc5 21. dxc5 Bb5 22. Nf4 Rc8 23. Nd5 Re5 24. Nxb4 Rcxc5 25. Rc1 Ne6 26. Nf5 h5 27. Nd4 Rxc1+ 28. Rxc1 Ng5 29. Ndc6 Bxc6 30. Nxc6 Re6 31. Nd4 Rf6 32. Rc8+ Kh7 33. Rc5 Nf3 34. Rxh5+ Kg6 35. Rf5 1-0

[Event "Landesliga Sued 0405"]
[Site "Bayern"]
[Date "2005.02.13"]
[Round "7.3"]
[White "Zach, Andreas"]
[Black "Pierer, Christian"]
[Result "1-0"]
[WhiteElo "2265"]
[BlackElo "2112"]
[PlyCount "63"]
[EventDate "2004.10.24"]
[EventType "team-tourn"]
[EventRounds "9"]
[EventCountry "GER"]
[SourceTitle "EXT 2007"]
[Source "ChessBase"]
[SourceDate "2006.11.23"]
[SourceVersion "1"]
[SourceVersionDate "2006.11.23"]
[SourceQuality "1"]
[WhiteTeam "Groebenzell"]
[BlackTeam "Freising"]
[WhiteTeamCountry "GER"]
[BlackTeamCountry "GER"]

1. f4 d5 2. Nf3 g6 3. e3 Bg7 4. c4 c6 5. Nc3 Nf6 6. d4 0-0 7. Ne5 Be6 8. Qb3 Qc7 9. Bd2 Nbd7 10. Rc1 Rac8 11. Be2 Nxe5 12. fxe5 dxc4 13. Bxc4 Nd5 14. Ne4 b5 15. Bf1 Nb6 16. Qc2 f6 17. Nc5 Bf5 18. e4 fxe5 19. Qb3+ Kh8 20. exf5 exd4 21. Bd3 Qe5+ 22. Kd1 gxf5 23. Ne6 Rf6 24. Nxg7 Kxg7 25. Bg5 Re6 26. Bf4 Qf6 27. Rf1 Nd5 28. Rc5 Rf8 29. Rxd5 cxd5 30. Qxd5 b4 31. Rf3 Kh8 32. Rg3 1-0

[Event "Landesliga Sued 0405"]
[Site "Bayern"]
[Date "2004.11.14"]
[Round "2.3"]
[White "Pierer, Christian"]
[Black "Joerg, Harald"]
[Result "1-0"]
[WhiteElo "2112"]
[BlackElo "2189"]
[PlyCount "101"]
[EventDate "2004.10.24"]
[EventType "team-tourn"]
[EventRounds "9"]
[EventCountry "GER"]
[SourceTitle "EXT 2007"]
[Source "ChessBase"]
[SourceDate "2006.11.23"]
[SourceVersion "1"]
[SourceVersionDate "2006.11.23"]
[SourceQuality "1"]
[WhiteTeam "Freising"]
[BlackTeam "Muenchen Siemens"]
[WhiteTeamCountry "GER"]
[BlackTeamCountry "GER"]

1. e4 e5 2. Nf3 Nc6 3. d4 exd4 4. Nxd4 Bc5 5. Nb3 Bb6 6. Nc3 Qf6 7. Qe2 Nge7 8. Be3 0-0 9. 0-0-0 d6 10. h4 Be6 11. f3 Bxe3+ 12. Qxe3 a5 13. a3 Ne5 14. Nb5 Rfc8 15. N3d4 N7c6 16. g4 Nxd4 17. Nxd4 Re8 18. g5 Qe7 19. f4 Nc6 20. Re1 Nxd4 21. Qxd4 Bd7 22. h5 c5 23. Qd2 Bc6 24. h6 g6 25. Bc4 b5 26. Bd5 Bxd5 27. exd5 Qc7 28. Qc3 f5 29. Qf6 Rad8 30. Re6 Rxe6 31. Qxe6+ Qf7 32. Re1 Qxe6 33. Rxe6 Kf7 34. b3 Rd7 35. Kd2 Rd8 36. Kc3 Rd7 37. Kd3 Rd8 38. c3 Rd7 39. a4 c4+ 40. bxc4 bxa4 41. Kc2 Rb7 42. Re1 a3 43. Rb1 Re7 44. Ra1 Re4 45. Rxa3 Rxf4 46. Rxa5 Rg4 47. Ra7+ Kf8 48. c5 dxc5 49. d6 Rxg5 50. Rxh7 f4 51. Rh8+ 1-0

[Event "Regionalliga SO 0304"]
[Site "Bayern"]
[Date "2004.03.28"]
[Round "8.3"]
[White "Pierer, Christian"]
[Black "Moser, Wolfgang"]
[Result "1-0"]
[WhiteElo "2111"]
[BlackElo "2020"]
[PlyCount "55"]
[EventDate "2003.10.??"]
[EventType "team"]
[EventRounds "9"]
[EventCountry "GER"]
[SourceTitle "EXT 2006"]
[Source "ChessBase"]
[SourceDate "2005.11.24"]
[SourceVersion "1"]
[SourceVersionDate "2005.11.24"]
[SourceQuality "1"]
[WhiteTeam "Freising"]
[BlackTeam "Trostberg"]
[WhiteTeamCountry "GER"]
[BlackTeamCountry "GER"]

1. d4 Nf6 2. c4 e6 3. Nf3 Bb4+ 4. Bd2 Bxd2+ 5. Qxd2 0-0 6. Nc3 d5 7. e3 b6 8. cxd5 exd5 9. Bd3 Ba6 10. 0-0 Ne4 11. Nxe4 dxe4 12. Bxe4 Nd7 13. Bxa8 Qxa8 14. Rfd1 c5 15. dxc5 Nxc5 16. Nd4 Qe4 17. f3 Qg6 18. b4 Ne6 19. Nxe6 fxe6 20. Kh1 h5 21. Rac1 h4 22. h3 Qg3 23. Qe1 Rxf3 24. gxf3 Qxf3+ 25. Kh2 Bb7 26. Rd8+ Kf7 27. Qf1 Ke7 28. Qxf3 1-0

[Event "Regionalliga SO 0304"]
[Site "Bayern"]
[Date "2003.10.12"]
[Round "1.2"]
[White "Spacek, Petr"]
[Black "Pierer, Christian"]
[Result "1-0"]
[WhiteElo "2416"]
[BlackElo "2111"]
[PlyCount "81"]
[EventDate "2003.10.??"]
[EventType "team"]
[EventRounds "9"]
[EventCountry "GER"]
[SourceTitle "EXT 2006"]
[Source "ChessBase"]
[SourceDate "2005.11.24"]
[SourceVersion "1"]
[SourceVersionDate "2005.11.24"]
[SourceQuality "1"]
[WhiteTeam "Bayerwald"]
[BlackTeam "Freising"]
[WhiteTeamCountry "GER"]
[BlackTeamCountry "GER"]

1. d4 Nf6 2. c4 g6 3. Nc3 d5 4. Nf3 Bg7 5. Bf4 c6 6. e3 0-0 7. Qb3 Qa5 8. Nd2 Nbd7 9. Be2 Nh5 10. Bxh5 dxc4 11. Qd1 Qxh5 12. Qxh5 gxh5 13. Nxc4 Nb6 14. Na5 Nd5 15. Nxd5 cxd5 16. Rc1 b6 17. Nc6 Bf6 18. Be5 Bb7 19. Bxf6 Bxc6 20. Rxc6 Rfc8 21. Rc3 exf6 22. Kd2 Rxc3 23. bxc3 Kf8 24. h4 Ke7 25. Rb1 Rc8 26. Rb4 Kd6 27. Kd3 Rb8 28. c4 dxc4+ 29. Rxc4 Re8 30. e4 Rb8 31. g3 b5 32. Rc5 b4 33. Kc4 Rb6 34. Ra5 a6 35. Rxh5 Rc6+ 36. Rc5 Rb6 37. g4 Rb8 38. f3 Rb6 39. Kb3 Rb8 40. Kc4 Rb6 41. Kb3 1-0

[Event "Regionalliga SO 0102"]
[Site "Bayern"]
[Date "2002.02.24"]
[Round "6.2"]
[White "Bayer, Bernhard"]
[Black "Pierer, Christian"]
[Result "0-1"]
[WhiteElo "2205"]
[BlackElo "2070"]
[PlyCount "120"]
[EventDate "2001.10.07"]
[EventType "team"]
[EventRounds "9"]
[EventCountry "GER"]
[SourceTitle "EXT 2003"]
[Source "ChessBase"]
[SourceDate "2002.11.25"]
[SourceVersion "1"]
[SourceVersionDate "2002.11.25"]
[SourceQuality "1"]
[WhiteTeam "Tegernsee II"]
[BlackTeam "Freising"]
[WhiteTeamCountry "GER"]
[BlackTeamCountry "GER"]

1. e4 d5 2. exd5 Qxd5 3. Nc3 Qa5 4. Bc4 c6 5. Nge2 Bf5 6. 0-0 e6 7. Ng3 Bg6 8. d3 Bd6 9. Nce4 Qc7 10. Nxd6+ Qxd6 11. Qf3 Nf6 12. Bf4 Qe7 13. Rfe1 0-0 14. c3 Nbd7 15. d4 Nb6 16. Bb3 Rfd8 17. Bg5 h6 18. Bxf6 Qxf6 19. Qxf6 gxf6 20. Ne4 Bxe4 21. Rxe4 f5 22. Ree1 Kg7 23. Rad1 Rd7 24. Rd3 Nd5 25. Kf1 Rad8 26. Re5 Nf6 27. Rg3+ Kh7 28. Bc2 Rd5 29. Rxd5 cxd5 30. Ke2 Nh5 31. Rf3 Nf6 32. Rg3 Nh5 33. Rf3 Kg7 34. Kd2 Rh8 35. b3 Nf6 36. Rg3+ Kf8 37. c4 Ke7 38. f3 Nh5 39. Rh3 Nf4 40. Rg3 dxc4 41. bxc4 h5 42. h4 Ng6 43. Rh3 Rd8 44. Ke3 f4+ 45. Kd3 Ne5+ 46. Ke4 Nxc4 47. Kxf4 Rxd4+ 48. Kg5 Ne3 49. Be4 Nxg2 50. Rh2 Rd8 51. Kxh5 Rg8 52. Kh6 f5 53. Kh7 Kf7 54. Bxb7 Nf4 55. Rc2 Rg7+ 56. Kh6 Kf6 57. Ba6 Ng6 58. Rc8 Nxh4 59. Bc4 Nxf3 60. Bxe6 Rg6+ 0-1

[Event "Regionalliga SO 0001"]
[Site "Bayern"]
[Date "2001.01.14"]
[Round "4.3"]
[White "Reich, Markus"]
[Black "Pierer, Christian"]
[Result "1/2-1/2"]
[WhiteElo "1905"]
[BlackElo "2085"]
[PlyCount "40"]
[EventDate "2000.10.15"]
[EventType "team-tourn"]
[EventRounds "9"]
[EventCountry "GER"]
[SourceTitle "EXT 2020"]
[Source "ChessBase"]
[SourceDate "2019.10.17"]
[SourceVersion "1"]
[SourceVersionDate "2019.10.17"]
[SourceQuality "1"]
[WhiteTeam "Passau II"]
[BlackTeam "Freising SK"]
[WhiteTeamCountry "GER"]
[BlackTeamCountry "GER"]

1. d4 Nf6 2. c4 g6 3. g3 d5 4. cxd5 Nxd5 5. Nc3 Nxc3 6. bxc3 Bg7 7. Bg2 0-0 8. e3 e5 9. Ne2 c6 10. 0-0 Nd7 11. a4 a5 12. Qb3 Qc7 13. Rb1 Rb8 14. Ba3 Re8 15. Rfd1 Bf8 16. Bxf8 Nxf8 17. Qb6 Qxb6 18. Rxb6 Bf5 19. e4 exd4 20. Nxd4 Bxe4 1/2-1/2

[Event "Regionalliga SO 0001"]
[Site "Bayern"]
[Date "2000.10.15"]
[Round "1.3"]
[White "Pierer, Christian"]
[Black "Wippich, Markus"]
[Result "0-1"]
[WhiteElo "2085"]
[BlackElo "1985"]
[PlyCount "80"]
[EventDate "2000.10.15"]
[EventType "team-tourn"]
[EventRounds "9"]
[EventCountry "GER"]
[SourceTitle "EXT 2020"]
[Source "ChessBase"]
[SourceDate "2019.10.17"]
[SourceVersion "1"]
[SourceVersionDate "2019.10.17"]
[SourceQuality "1"]
[WhiteTeam "Freising SK"]
[BlackTeam "Straubing SC"]
[WhiteTeamCountry "GER"]
[BlackTeamCountry "GER"]

1. d4 c5 2. d5 Nf6 3. c4 e6 4. Nc3 exd5 5. cxd5 d6 6. g3 g6 7. Bg2 Bg7 8. Nf3 0-0 9. 0-0 a6 10. e4 Re8 11. Re1 Bg4 12. Qc2 Bxf3 13. Bxf3 Nbd7 14. a4 Rb8 15. Be2 Qc7 16. Be3 Re7 17. Kg2 Rbe8 18. f3 h6 19. h4 Nf8 20. Nb1 Nxd5 21. Bf2 Nb4 22. Qc1 Ne6 23. Bc4 Kh7 24. Nc3 Nd4 25. Nd5 Nxd5 26. Bxd5 Nc6 27. Qd2 Nb4 28. Bc4 Qc6 29. Red1 Be5 30. Rac1 b5 31. axb5 axb5 32. Bb3 Qb7 33. Be3 h5 34. Bf4 Bxf4 35. Qxf4 c4 36. Bc2 d5 37. Bb1 dxe4 38. Bxe4 Rxe4 39. fxe4 Rxe4 40. Qf3 Re2+ 0-1

[Event "Regionalliga SO 9899"]
[Site "Bayern"]
[Date "1999.??.??"]
[Round "8.3"]
[White "Spiesberger, Gerhard"]
[Black "Pierer, Christian"]
[Result "1/2-1/2"]
[WhiteElo "1970"]
[BlackElo "2030"]
[PlyCount "53"]
[EventDate "1998.??.??"]
[EventType "team-tourn"]
[EventRounds "9"]
[EventCountry "GER"]
[SourceTitle "EXT 2020"]
[Source "ChessBase"]
[SourceDate "2019.10.17"]
[SourceVersion "1"]
[SourceVersionDate "2019.10.17"]
[SourceQuality "1"]
[WhiteTeam "Simbach"]
[BlackTeam "Freising SK"]
[WhiteTeamCountry "GER"]
[BlackTeamCountry "GER"]

1. e4 d5 2. exd5 Qxd5 3. Nc3 Qa5 4. Bc4 c6 5. d4 Bf5 6. Nge2 e6 7. 0-0 Bd6 8. Bd3 Bxd3 9. Qxd3 Nf6 10. Ne4 Nxe4 11. Qxe4 0-0 12. Bf4 Bxf4 13. Nxf4 Nd7 14. Rfe1 Nf6 15. Qe5 Qb6 16. Nd3 Rad8 17. c3 Rd5 18. Qg3 Rc8 19. Re3 Qc7 20. Rae1 Qxg3 21. hxg3 Nd7 22. f3 c5 23. dxc5 Nxc5 24. Nxc5 Rcxc5 25. R3e2 Kf8 26. Kf2 Ke7 27. Rc2 1/2-1/2

[Event "Regionalliga SO 9900"]
[Site "Bayern"]
[Date "1999.??.??"]
[Round "2.1"]
[White "Taggatz, Mario"]
[Black "Pierer, Christian"]
[Result "0-1"]
[WhiteElo "2130"]
[BlackElo "2040"]
[PlyCount "146"]
[EventDate "1999.??.??"]
[EventType "team-tourn"]
[EventRounds "9"]
[EventCountry "GER"]
[SourceTitle "EXT 2020"]
[Source "ChessBase"]
[SourceDate "2019.10.17"]
[SourceVersion "1"]
[SourceVersionDate "2019.10.17"]
[SourceQuality "1"]
[WhiteTeam "Landshut"]
[BlackTeam "Freising SK"]
[WhiteTeamCountry "GER"]
[BlackTeamCountry "GER"]

1. d4 Nf6 2. Bg5 e6 3. e4 h6 4. Bxf6 Qxf6 5. Nc3 d6 6. Qd2 g6 7. f4 Bg7 8. Nf3 a6 9. Bd3 Nc6 10. e5 Qe7 11. 0-0-0 d5 12. h4 h5 13. Kb1 Bd7 14. Ne2 Nb4 15. Nc1 Bb5 16. Ng5 Bf8 17. Rh3 Nxd3 18. Nxd3 b6 19. Nf2 Qb4 20. c3 Qc4 21. Re1 a5 22. Rg3 Be7 23. Qc2 Rg8 24. Nfh3 0-0-0 25. Rf3 Rg7 26. Nf2 Kb7 27. Nd1 Qc6 28. Ne3 Qd7 29. Rd1 Rc8 30. Qd2 Ba6 31. Nc2 Qb5 32. Kc1 c5 33. dxc5 bxc5 34. Na3 Qe2 35. Re1 Qxd2+ 36. Kxd2 Kc6 37. Kc1 Bd8 38. Nc2 Rc7 39. Rf2 Bd3 40. Rd2 Bf5 41. Ne3 Rg8 42. Nxf5 gxf5 43. a4 Rb7 44. Kc2 c4 45. Rb1 Bb6 46. Rf1 Bc5 47. Rf3 Rg7 48. Rg3 Kd7 49. Ne4 Rxg3 50. Nxg3 Be7 51. Nxh5 Bxh4 52. g3 Be7 53. g4 fxg4 54. Rg2 Rb8 55. Rxg4 Rh8 56. Ng3 Rh2+ 57. Kb1 Rh4 58. Rxh4 Bxh4 59. Ne2 Bf2 60. Kc2 Be3 61. Kd1 Kc6 62. Kc2 Kc5 63. Kd1 d4 64. cxd4+ Bxd4 65. Nxd4 Kxd4 66. Kd2 Ke4 67. Kc3 Kxf4 68. Kxc4 Kxe5 69. Kb5 f5 70. Kxa5 f4 71. b4 f3 72. b5 Kd6 73. Ka6 f2 0-1

[Event "Regionalliga SO 9899"]
[Site "Bayern"]
[Date "1999.??.??"]
[Round "5.2"]
[White "Zenker, Ulrich"]
[Black "Pierer, Christian"]
[Result "1-0"]
[WhiteElo "2185"]
[BlackElo "2025"]
[PlyCount "91"]
[EventDate "1998.??.??"]
[EventType "team-tourn"]
[EventRounds "9"]
[EventCountry "GER"]
[SourceTitle "EXT 2020"]
[Source "ChessBase"]
[SourceDate "2019.10.17"]
[SourceVersion "1"]
[SourceVersionDate "2019.10.17"]
[SourceQuality "1"]
[WhiteTeam "Ebersberg Grafing"]
[BlackTeam "Freising SK"]
[WhiteTeamCountry "GER"]
[BlackTeamCountry "GER"]

1. d4 Nf6 2. c4 g6 3. Nc3 d5 4. cxd5 Nxd5 5. Na4 Nb6 6. Nf3 Bg7 7. Bf4 0-0 8. e3 N8d7 9. Rc1 c6 10. Nc3 Nf6 11. Bd3 Nbd5 12. Be5 Qa5 13. Qd2 Bh6 14. h3 Nxc3 15. bxc3 Be6 16. c4 Qa4 17. Rb1 b6 18. 0-0 Nd7 19. Bg3 f6 20. Qc3 c5 21. d5 Bf7 22. e4 e5 23. Rb3 Qa6 24. Ra3 Qb7 25. Bc2 Rad8 26. Ne1 Bg7 27. Qd2 g5 28. Ba4 Bg6 29. f3 f5 30. exf5 Bxf5 31. Qxg5 Bg6 32. Bc2 Bf6 33. Qg4 Kf7 34. Bxg6+ hxg6 35. Re3 Qa6 36. a3 Rfe8 37. Nd3 Kg7 38. Qe4 Bg5 39. Bxe5+ Nxe5 40. Nxe5 Bxe3+ 41. Qxe3 Re7 42. Qc3 Kh7 43. Nc6 Rde8 44. Nxe7 Rxe7 45. d6 Rd7 46. Re1 1-0

[Event "Regionalliga SO 9899"]
[Site "Bayern"]
[Date "1998.??.??"]
[Round "2.3"]
[White "Gschwendtner, Stanislav"]
[Black "Pierer, Christian"]
[Result "1-0"]
[WhiteElo "2060"]
[BlackElo "2025"]
[PlyCount "57"]
[EventDate "1998.??.??"]
[EventType "team-tourn"]
[EventRounds "9"]
[EventCountry "GER"]
[SourceTitle "EXT 2020"]
[Source "ChessBase"]
[SourceDate "2019.10.17"]
[SourceVersion "1"]
[SourceVersionDate "2019.10.17"]
[SourceQuality "1"]
[WhiteTeam "Deggendorf"]
[BlackTeam "Freising SK"]
[WhiteTeamCountry "GER"]
[BlackTeamCountry "GER"]

1. c4 c5 2. Nc3 Nc6 3. Nf3 Nf6 4. g3 g6 5. Bg2 Bg7 6. 0-0 0-0 7. d4 d6 8. dxc5 dxc5 9. Bf4 Be6 10. Qa4 Qa5 11. Rac1 Nd7 12. Qxa5 Nxa5 13. b3 h6 14. Nd5 Bxd5 15. cxd5 b6 16. e4 Rad8 17. Rfe1 Nb7 18. g4 e5 19. dxe6 fxe6 20. Bg3 Na5 21. Red1 Nf6 22. Ne5 Kh7 23. f4 Ng8 24. f5 exf5 25. exf5 gxf5 26. gxf5 Nf6 27. Bf3 Rfe8 28. Kg2 Nd5 29. Rxd5 1-0

[Event "Regionalliga SO 9899"]
[Site "Bayern"]
[Date "1998.??.??"]
[Round "3.3"]
[White "Pierer, Christian"]
[Black "Cuadrado, Guillermo"]
[Result "0-1"]
[WhiteElo "2030"]
[BlackElo "2175"]
[PlyCount "86"]
[EventDate "1998.??.??"]
[EventType "team-tourn"]
[EventRounds "9"]
[EventCountry "GER"]
[SourceTitle "EXT 2020"]
[Source "ChessBase"]
[SourceDate "2019.10.17"]
[SourceVersion "1"]
[SourceVersionDate "2019.10.17"]
[SourceQuality "1"]
[WhiteTeam "Freising SK"]
[BlackTeam "Dorfen PSV"]
[WhiteTeamCountry "GER"]
[BlackTeamCountry "GER"]

1. e4 c5 2. Nf3 Nc6 3. d3 g6 4. g3 Bg7 5. Bg2 d6 6. 0-0 e6 7. c3 Nge7 8. Re1 0-0 9. Na3 b6 10. Nc2 Bb7 11. Bd2 Ne5 12. Bf4 Ba6 13. Re3 N7c6 14. Nce1 Qc7 15. Qa4 Qb7 16. Rd1 b5 17. Qc2 b4 18. Nd2 Rfd8 19. Nef3 Rab8 20. Bf1 bxc3 21. bxc3 Qb2 22. Rc1 Qa3 23. Rb1 Nxf3+ 24. Rxf3 Qxc3 25. Qa4 Bb7 26. Nc4 Nd4 27. Re3 e5 28. Bg5 f6 29. Qxa7 Nc6 30. Qa4 fxg5 31. Rxb7 Rxb7 32. Qxc6 Rbd7 33. Bh3 Re7 34. Qb6 Rf8 35. Qxd6 Ree8 36. Bf1 Qd4 37. Qc6 g4 38. a4 Re7 39. Be2 Ref7 40. Qd5 Bh6 41. Bxg4 Bxe3 42. fxe3 Qa1+ 43. Kg2 Qf1# 0-1

[Event "Oberbayern-ch"]
[Site "Germany"]
[Date "1996.??.??"]
[Round "?"]
[White "Pierer, Christian"]
[Black "Koeniger, Philipp"]
[Result "0-1"]
[WhiteElo "1755"]
[BlackElo "2025"]
[PlyCount "60"]
[EventDate "1996.??.??"]
[EventType "swiss"]
[EventRounds "7"]
[EventCountry "GER"]
[SourceTitle "EXT 2004"]
[Source "ChessBase"]
[SourceDate "2003.11.25"]
[SourceVersion "1"]
[SourceVersionDate "2003.11.25"]
[SourceQuality "1"]

1. e4 e5 2. Nf3 Nc6 3. d4 exd4 4. Nxd4 Bc5 5. Be3 Qf6 6. c3 Nge7 7. Bc4 b6 8. 0-0 Bb7 9. Nb3 Ne5 10. Nxc5 bxc5 11. Bd3 Qg6 12. f3 0-0 13. Bxc5 d6 14. Ba3 Kh8 15. c4 f5 16. Nc3 f4 17. Be2 Rf6 18. Nd5 Nxd5 19. cxd5 Qh5 20. Rc1 Bc8 21. Rf2 Rh6 22. h3 Rg6 23. Kf1 Qh4 24. Rxc7 Qg3 25. Ke1 Qh2 26. Bf1 Qg1 27. Qe2 a5 28. Kd1 h6 29. Kc2 Ba6 30. Qe1 Nd3 0-1